[Event "Mexican op 69th"]
[Site "Mexico City"]
[Date "2024.03.26"]
[Round "1"]
[White "Obregon Rivero, Juan Carlos"]
[Black "Vega Castaneda, Ulises Antonio"]
[Result "1-0"]
[WhiteElo "2496"]
[BlackElo "1924"]
[PlyCount "49"]
[EventDate "2024.03.26"]
[EventType "swiss"]
[EventRounds "9"]
[EventCountry "MEX"]
[SourceTitle "CB14_2024"]
[SourceDate "2024.04.01"]
[SourceVersion "1"]
[SourceVersionDate "2024.04.01"]
[SourceQuality "1"]

1. d4 d5 2. c4 Nc6 3. Nf3 Bg4 4. e3 e6 5. Nc3 Nf6 6. h3 Bxf3 7. Qxf3 Bb4 8. Bd3 e5 9. cxd5 Qxd5 10. Qxd5 Nxd5 11. Bd2 0-0-0 12. a3 exd4 13. axb4 dxc3 14. bxc3 Nxe3 15. Bxe3 Rxd3 16. b5 Nb8 17. Rxa7 Rhd8 18. 0-0 Rd1 19. Ra8 b6 20. Ra7 Rxf1+ 21. Kxf1 Re8 22. Bf4 Re7 23. f3 Rd7 24. Ke2 c5 25. Bxb8 1-0

[Event "MEX-ch"]
[Site "Mexico City"]
[Date "2023.11.10"]
[Round "6"]
[White "Ibarra Chami, Luis Fernando"]
[Black "Obregon Rivero, Juan Carlos"]
[Result "0-1"]
[WhiteElo "2432"]
[BlackElo "2483"]
[PlyCount "62"]
[EventDate "2023.11.07"]
[EventType "swiss"]
[EventRounds "9"]
[EventCountry "MEX"]
[SourceTitle "CB46_2023"]
[SourceDate "2023.11.15"]
[SourceVersion "1"]
[SourceVersionDate "2023.11.15"]
[SourceQuality "1"]

1. e4 c5 2. Nf3 d6 3. d4 cxd4 4. Nxd4 Nf6 5. Nc3 a6 6. Be3 e5 7. Nb3 Be6 8. h3 Nbd7 9. g4 h6 10. Qd2 b5 11. f3 b4 12. Na4 d5 13. exd5 Bxd5 14. Be2 Qc7 15. c4 bxc3 16. Nxc3 Bb4 17. Kf2 Qb7 18. Rhg1 Rc8 19. h4 Be6 20. Nb5 Bxd2 21. Nd6+ Ke7 22. Nxb7 Bxe3+ 23. Kxe3 Rc2 24. Rgc1 Rxb2 25. Kf2 Nd5 26. Kf1 h5 27. g5 Nf4 28. Bxa6 Ra8 29. N3c5 Bh3+ 30. Kg1 Rg2+ 31. Kf1 Rxa2+ 0-1

[Event "Mexican op 68th"]
[Site "Mexico City"]
[Date "2023.04.09"]
[Round "9"]
[White "Obregon Rivero, Juan Carlos"]
[Black "Bruzon Batista, Lazaro"]
[Result "0-1"]
[WhiteElo "2493"]
[BlackElo "2611"]
[PlyCount "80"]
[EventDate "2023.04.04"]
[EventType "swiss"]
[EventRounds "9"]
[EventCountry "MEX"]
[SourceTitle "CBM 213 Extra"]
[Source "ChessBase"]
[SourceDate "2023.05.31"]
[SourceVersion "1"]
[SourceVersionDate "2023.05.31"]
[SourceQuality "1"]

1. Nf3 d5 2. g3 Nf6 3. Bg2 e6 4. 0-0 Be7 5. d3 0-0 6. Nbd2 c5 7. e4 Nc6 8. e5 Nd7 9. Re1 Qc7 10. Qe2 b5 11. Nf1 Bb7 12. h4 Rfc8 13. c3 Rab8 14. h5 h6 15. Bf4 Qd8 16. g4 Nf8 17. Qd2 Nh7 18. Bg3 d4 19. c4 bxc4 20. dxc4 a5 21. a4 Ba6 22. Qc1 Qb6 23. Qf4 Bxc4 24. N1d2 Bd5 25. Ne4 Nb4 26. g5 Bxe4 27. Qxe4 hxg5 28. Nd2 c4 29. Rec1 c3 30. bxc3 Rxc3 31. Nc4 Qc5 32. Rxc3 dxc3 33. Nd6 c2 34. Rc1 Qc3 35. Nxf7 Nf8 36. h6 Kxf7 37. h7 Ng6 38. Bh3 Nf4 39. Bxe6+ Kxe6 40. Bxf4 Qd3 0-1

[Event "Mexican op 68th"]
[Site "Mexico City"]
[Date "2023.04.07"]
[Round "5"]
[White "Morales Garcia, Sergio Joshafatt"]
[Black "Obregon Rivero, Juan Carlos"]
[Result "0-1"]
[WhiteElo "2232"]
[BlackElo "2493"]
[PlyCount "84"]
[EventDate "2023.04.04"]
[EventType "swiss"]
[EventRounds "9"]
[EventCountry "MEX"]
[SourceTitle "CBM 213 Extra"]
[Source "ChessBase"]
[SourceDate "2023.05.31"]
[SourceVersion "1"]
[SourceVersionDate "2023.05.31"]
[SourceQuality "1"]

1. d4 Nf6 2. c4 c5 3. d5 e6 4. Nc3 exd5 5. cxd5 d6 6. e4 a6 7. a4 g6 8. f4 Bg7 9. Nf3 0-0 10. Bd3 Re8 11. 0-0 Bg4 12. h3 Bxf3 13. Qxf3 Qc7 14. Be3 Nbd7 15. Kh1 Re7 16. Bf2 Rae8 17. Rab1 c4 18. Bc2 Rb8 19. Bh4 Ree8 20. Rbe1 b5 21. axb5 axb5 22. e5 dxe5 23. f5 Kh8 24. Ne4 Nxd5 25. f6 Bh6 26. Ng5 N7xf6 27. Rd1 e4 28. Nxe4 Nxe4 29. Rxd5 f5 30. Bxe4 Rxe4 31. Bg3 Qb7 32. Rfd1 Rbe8 33. Rd7 Qb6 34. Qc3+ Kg8 35. R1d6 Qe3 36. Qf6 Rf8 37. Qc3 f4 38. Bh4 Qxc3 39. bxc3 f3 40. Bg3 fxg2+ 41. Kg1 Re2 42. Kh2 Be3 0-1

[Event "Iberoamerican-ch 8th"]
[Site "Mexico City"]
[Date "2022.02.19"]
[Round "9"]
[White "Obregon Rivero, Juan Carlos"]
[Black "Vazquez, Guillermo"]
[Result "1/2-1/2"]
[WhiteElo "2536"]
[BlackElo "2545"]
[PlyCount "76"]
[EventDate "2022.02.12"]
[EventType "swiss"]
[EventRounds "9"]
[EventCountry "MEX"]
[SourceTitle "CBM 206 Extra"]
[Source "ChessBase"]
[SourceDate "2022.03.31"]
[SourceVersion "1"]
[SourceVersionDate "2022.03.31"]
[SourceQuality "1"]

1. e4 c6 2. d4 d5 3. e5 Bf5 4. h4 h5 5. c4 e6 6. Nc3 dxc4 7. Bxc4 Nd7 8. Nge2 Be7 9. Ng3 Bg6 10. Nge4 Nb6 11. Bb3 Nh6 12. Bg5 Bxe4 13. Nxe4 Nf5 14. 0-0 Qxd4 15. Qf3 Nd5 16. Rad1 Qxe5 17. Rfe1 Nd4 18. Qd3 Nxb3 19. Bxe7 Kxe7 20. Qxb3 Qc7 21. Qa3+ Ke8 22. Nd6+ Kf8 23. Nxb7+ Qe7 24. Nc5 Kg8 25. Rc1 Qxh4 26. Ne4 Rh6 27. Rxc6 Qg4 28. Rc4 Nf4 29. g3 h4 30. f3 Qg6 31. g4 e5 32. Qc3 Qb6+ 33. Kh1 Re6 34. Rc8+ Re8 35. Rxa8 Rxa8 36. Qxe5 Nd3 37. Qd5 Rd8 38. Nd6 Nxe1 1/2-1/2

[Event "Iberoamerican-ch 8th"]
[Site "Mexico City"]
[Date "2022.02.13"]
[Round "2"]
[White "Corrales Jimenez, Zenia"]
[Black "Obregon Rivero, Juan Carlos"]
[Result "0-1"]
[WhiteElo "2151"]
[BlackElo "2536"]
[PlyCount "90"]
[EventDate "2022.02.12"]
[EventType "swiss"]
[EventRounds "9"]
[EventCountry "MEX"]
[SourceTitle "CBM 206 Extra"]
[Source "ChessBase"]
[SourceDate "2022.03.31"]
[SourceVersion "1"]
[SourceVersionDate "2022.03.31"]
[SourceQuality "1"]

1. e4 c5 2. Nf3 d6 3. d4 Nf6 4. Nc3 cxd4 5. Qxd4 Nc6 6. Bb5 Bd7 7. Bxc6 Bxc6 8. Bg5 e6 9. 0-0-0 Be7 10. Rhe1 0-0 11. Kb1 h6 12. Bh4 b5 13. Bxf6 Bxf6 14. Qxd6 Qb6 15. Ne5 Bxe5 16. Qxe5 Qxf2 17. Rf1 Qh4 18. g4 b4 19. Ne2 Qg5 20. Qxg5 hxg5 21. Ng3 g6 22. Rd4 Rab8 23. Rfd1 Kg7 24. Rc4 Rfc8 25. b3 Kf6 26. Kb2 Be8 27. c3 bxc3+ 28. Kxc3 Ke5 29. h3 Bb5 30. Rxc8 Rxc8+ 31. Kb4 Rb8 32. Kc5 Kf4 33. Nf1 Kxe4 34. Nd2+ Ke3 35. Nc4+ Bxc4 36. bxc4 Rc8+ 37. Kb4 f5 38. Re1+ Kd4 39. Rd1+ Ke5 40. c5 f4 41. Kb5 f3 42. c6 Kf4 43. Rd7 f2 44. Rf7+ Kg3 45. Kc5 e5 0-1

[Event "Iberoamerican-ch 8th"]
[Site "Mexico City"]
[Date "2022.02.12"]
[Round "1"]
[White "Obregon Rivero, Juan Carlos"]
[Black "Moran Velez, Francisco R"]
[Result "1-0"]
[WhiteElo "2536"]
[BlackElo "1931"]
[PlyCount "43"]
[EventDate "2022.02.12"]
[EventType "swiss"]
[EventRounds "9"]
[EventCountry "MEX"]
[SourceTitle "CBM 206 Extra"]
[Source "ChessBase"]
[SourceDate "2022.03.31"]
[SourceVersion "1"]
[SourceVersionDate "2022.03.31"]
[SourceQuality "1"]

1. e4 c5 2. Nf3 g6 3. c3 Qa5 4. Na3 Bg7 5. d4 d6 6. Nc4 Qc7 7. a4 Be6 8. Ng5 cxd4 9. Nxe6 fxe6 10. cxd4 Nc6 11. d5 Ne5 12. Nxe5 dxe5 13. Bb5+ Kf8 14. dxe6 a6 15. Bd3 Qb6 16. 0-0 Rd8 17. Qf3+ Nf6 18. Bc4 Qd4 19. Bd5 Rb8 20. Be3 Qb4 21. Rfc1 Qd6 22. Bc5 1-0

[Event "Mexico City Fenamac-A 3rd"]
[Site "Mexico City"]
[Date "2021.07.25"]
[Round "9"]
[White "Sanchez Enriquez, Oscar Gerardo"]
[Black "Obregon Rivero, Juan Carlos"]
[Result "0-1"]
[WhiteElo "2324"]
[BlackElo "2529"]
[PlyCount "44"]
[EventDate "2021.07.21"]
[EventType "tourn"]
[EventRounds "9"]
[EventCountry "MEX"]
[EventCategory "2"]
[SourceTitle "CBM 203 Extra"]
[Source "ChessBase"]
[SourceDate "2021.09.30"]
[SourceVersion "1"]
[SourceVersionDate "2021.09.30"]
[SourceQuality "1"]

1. b3 Nf6 2. Bb2 g6 3. g3 Bg7 4. Bg2 0-0 5. Nf3 c5 6. c4 Nc6 7. 0-0 d6 8. Nc3 Ne4 9. Qc2 Nxc3 10. Bxc3 e5 11. e3 Be6 12. Rad1 d5 13. d4 cxd4 14. exd4 e4 15. Ne5 f5 16. f4 Rc8 17. Qb2 b6 18. h4 Qe7 19. cxd5 Bxd5 20. Nc4 Bxc4 21. bxc4 Rfd8 22. Rfe1 Rxd4 0-1

[Event "Mexico City Fenamac-A"]
[Site "Mexico City"]
[Date "2021.07.02"]
[Round "4"]
[White "Obregon Rivero, Juan Carlos"]
[Black "Figueredo Losada, Leonel"]
[Result "1-0"]
[WhiteElo "2529"]
[BlackElo "2353"]
[PlyCount "93"]
[EventDate "2021.06.30"]
[EventType "tourn"]
[EventRounds "9"]
[EventCountry "MEX"]
[EventCategory "4"]
[SourceTitle "CBM 203 Extra"]
[Source "ChessBase"]
[SourceDate "2021.09.30"]
[SourceVersion "1"]
[SourceVersionDate "2021.09.30"]
[SourceQuality "1"]

1. e4 c5 2. Nf3 d6 3. d4 cxd4 4. Nxd4 Nf6 5. Nc3 a6 6. Be3 e6 7. Be2 Be7 8. 0-0 0-0 9. f4 Qc7 10. Kh1 Nc6 11. a4 Re8 12. g4 Nxd4 13. Bxd4 e5 14. Be3 exf4 15. Rxf4 Be6 16. g5 Nd7 17. Nd5 Bxd5 18. Qxd5 Ne5 19. Rf2 Qc6 20. Qxc6 bxc6 21. b3 f6 22. gxf6 Bxf6 23. Rd1 Bh4 24. Rg2 Be7 25. Bb6 Bd8 26. Bd4 Bc7 27. Bc4+ Kh8 28. Rf1 Re7 29. Bxa6 Rae8 30. Bxe5 dxe5 31. Rgf2 h6 32. Rf8+ Rxf8 33. Rxf8+ Kh7 34. Bb7 Bb6 35. Ba6 Bd4 36. Bc4 g5 37. a5 h5 38. Rc8 g4 39. Rxc6 h4 40. Be6 Kg6 41. c3 Ba7 42. Bxg4+ Kg5 43. Bf5 Kf4 44. Kg2 Re8 45. Rc7 Be3 46. Rg7 Bd2 47. Kf2 1-0

[Event "Mexico City Fenamac-A"]
[Site "Mexico City"]
[Date "2021.06.30"]
[Round "1"]
[White "Tapie Amione, Pablo Adib"]
[Black "Obregon Rivero, Juan Carlos"]
[Result "0-1"]
[WhiteElo "2290"]
[BlackElo "2529"]
[PlyCount "34"]
[EventDate "2021.06.30"]
[EventType "tourn"]
[EventRounds "9"]
[EventCountry "MEX"]
[EventCategory "4"]
[SourceTitle "CBM 203 Extra"]
[Source "ChessBase"]
[SourceDate "2021.09.30"]
[SourceVersion "1"]
[SourceVersionDate "2021.09.30"]
[SourceQuality "1"]

1. e4 c5 2. Nf3 e6 3. d4 cxd4 4. Nxd4 Nc6 5. Nc3 Qc7 6. Be3 a6 7. Qf3 Nf6 8. 0-0-0 Bb4 9. Na4 0-0 10. Nxc6 bxc6 11. Nb6 Rb8 12. Nxc8 Rfxc8 13. a3 Be7 14. Bxa6 Rd8 15. Bc4 d5 16. Bd3 Rxb2 17. Kxb2 Bxa3+ 0-1

[Event "Mexico City Fenamac GM 1st"]
[Site "Mexico City"]
[Date "2021.05.08"]
[Round "6"]
[White "Obregon Rivero, Juan Carlos"]
[Black "Capo Vidal, Uriel"]
[Result "1-0"]
[WhiteElo "2520"]
[BlackElo "2334"]
[PlyCount "91"]
[EventDate "2021.05.05"]
[EventType "tourn"]
[EventRounds "9"]
[EventCountry "MEX"]
[EventCategory "8"]
[SourceTitle "CBM 202 Extra"]
[Source "ChessBase"]
[SourceDate "2021.07.31"]
[SourceVersion "1"]
[SourceVersionDate "2021.07.31"]
[SourceQuality "1"]

1. e4 c5 2. Nf3 Nc6 3. Bb5 Nf6 4. Nc3 Qc7 5. 0-0 Nd4 6. Re1 a6 7. Bf1 e5 8. Nd5 Nxd5 9. exd5 d6 10. Nxd4 cxd4 11. c3 dxc3 12. bxc3 Be7 13. c4 0-0 14. d4 f5 15. Qb3 Kh8 16. Rb1 e4 17. Qb6 Qd7 18. Ba3 Rf6 19. Qb3 Bd8 20. f3 Ba5 21. Re2 Qf7 22. Rf2 exf3 23. Qxf3 f4 24. Bd3 h5 25. Be4 Bg4 26. Qd3 Re8 27. Rbf1 Qe7 28. Bf3 Qe3 29. Qxe3 fxe3 30. Re2 Bxf3 31. Rxf3 Bc3 32. Rxf6 gxf6 33. Bxd6 Bxd4 34. Bc7 Re7 35. Bd6 Re8 36. Kf1 Kg7 37. Rc2 Kf7 38. c5 b5 39. Ke2 a5 40. c6 b4 41. Rc4 Bb6 42. Bg3 f5 43. c7 Rc8 44. Be5 Ke7 45. Rc6 Ba7 46. Rh6 1-0

[Event "Mexico City Fenamac GM 1st"]
[Site "Mexico City"]
[Date "2021.05.08"]
[Round "5"]
[White "Shabalov, Alexander"]
[Black "Obregon Rivero, Juan Carlos"]
[Result "0-1"]
[WhiteElo "2528"]
[BlackElo "2520"]
[PlyCount "58"]
[EventDate "2021.05.05"]
[EventType "tourn"]
[EventRounds "9"]
[EventCountry "MEX"]
[EventCategory "8"]
[SourceTitle "CBM 202 Extra"]
[Source "ChessBase"]
[SourceDate "2021.07.31"]
[SourceVersion "1"]
[SourceVersionDate "2021.07.31"]
[SourceQuality "1"]

1. d4 Nf6 2. c4 g6 3. Nc3 Bg7 4. e4 d6 5. Nf3 0-0 6. Be2 c5 7. d5 e6 8. 0-0 exd5 9. cxd5 Re8 10. Nd2 Na6 11. f3 Nc7 12. a4 b6 13. Kh1 Rb8 14. Nc4 Ba6 15. Bd3 Qd7 16. Ne3 Bc8 17. Rb1 a6 18. b4 Nh5 19. Qc2 cxb4 20. Rxb4 a5 21. Rb1 Qd8 22. Nc4 Qh4 23. Ne2 Nxd5 24. g3 Qh3 25. Rg1 Nb4 26. Rxb4 axb4 27. Nxd6 Rd8 28. Qc7 Qd7 29. Qxb8 Ba6 0-1